000 00514nam a2200193 i 4500
001 67680
003 ES-MaACL
005 20230906170129.0
007 t|
008 040610s2003 sp ||||1| spa d
020 _a84-96190-59-5
080 _a821.134.2-94"19"
100 1 _aCerezo Röll, Javier.
_937511
245 1 0 _aPoliticus interruptus /
_cJavier Cerezo Röll.
250 _a1ª ed.
260 _aMadrid :
_bEntrelíneas,
_c2003.
300 _a259 p. ;
_c21 cm.
852 _aES-MaACL
_jL-27851
_bR.133497
999 _c67680
_d67680